Members only (Record no. 8452)

MARC details
000 -LEADER
fixed length control field 00526nam a2200217Ia 4500
003 - CONTROL NUMBER IDENTIFIER
control field OSt
005 - DATE AND TIME OF LATEST TRANSACTION
control field 20250613105116.0
008 - FIXED-LENGTH DATA ELEMENTS--GENERAL INFORMATION
fixed length control field 191130s2009##################000#0#eng##
020 ## - INTERNATIONAL STANDARD BOOK NUMBER
International Standard Book Number 9780141028088
040 ## - CATALOGING SOURCE
Original cataloging agency ACL
Transcribing agency ACL
082 ## - DEWEY DECIMAL CLASSIFICATION NUMBER
Classification number 823.92 FOX
100 ## - MAIN ENTRY--PERSONAL NAME
Personal name Fox, Leonie
245 ## - TITLE STATEMENT
Title Members only
Statement of responsibility, etc. Leonie Fox
260 ## - PUBLICATION, DISTRIBUTION, ETC.
Place of publication, distribution, etc. London
Name of publisher, distributor, etc. [publisher not identified]
Date of publication, distribution, etc. 2009
300 ## - PHYSICAL DESCRIPTION
Extent 420 p
650 ## - SUBJECT ADDED ENTRY--TOPICAL TERM
Topical term or geographic name entry element Fiction
856 ## - ELECTRONIC LOCATION AND ACCESS
Materials specified pbk
942 ## - ADDED ENTRY ELEMENTS (KOHA)
Source of classification or shelving scheme Dewey Decimal Classification
Koha item type English Books
990 ## - EQUIVALENCES OR CROSS-REFERENCES [LOCAL, CANADA]
Link information for 9XX fields c472604aac10000c0aa384d06355a786
Holdings
Withdrawn status Lost status Source of classification or shelving scheme Materials specified (bound volume or other part) Damaged status Not for loan Home library Current library Shelving location Date acquired Total Checkouts Full call number Barcode Date last seen Price effective from Koha item type
    Dewey Decimal Classification pbk     Anna Centenary Library Anna Centenary Library 4TH FLOOR, B WING 09.10.2020   823.92 FOX 410813 09.10.2020 09.10.2020 English Books

Find us on the map